| 000 | 01213pam a22002894a 4500 | ||
|---|---|---|---|
| 001 | 51878204 | ||
| 003 | OSt | ||
| 005 | 20150408113721.0 | ||
| 008 | 030313s2004 maua 001 0 eng | ||
| 010 | _a2003046394 | ||
| 020 |
_a0072826584 _c(alk. paper) |
||
| 020 |
_a0071215069 _c(international alk. paper) |
||
| 020 | _a0072886307 | ||
| 020 |
_a0072826606 _c(CD-ROM) |
||
| 040 |
_aDLC _cDLC _dYDX _dOUN00 |
||
| 050 |
_aQA76.9.D26 _bR625 20041 |
||
| 082 |
_221 _a005.7565 |
||
| 100 |
_aRob, Peter.10 _94959 |
||
| 245 |
_aDatabases _aDatabases _bdesign, development & deployment / _cPeter Rob, Elie Semaan. |
||
| 260 |
_bMcGraw-Hill, Irwin, _cc2004. _axv |
||
| 300 |
_bill. ; _c28 cm. + _e1 CD-ROM (4 3/4 in.) _aIncl |
||
| 505 | _aDatabase vocabulary, concepts, and design tools -- Normalizing the database table structures -- The POS database design process -- Implementing the database design -- Queries -- Form development -- Reports and labels -- Macros and marco groups -- Implementing the POS invoice process -- Database security -- Access and the internet | ||
| 650 |
_aMicrosoft Access _94763 |
||
| 650 |
_aDatabase management _93469 |
||
| 700 |
_aSemaan, Elie _94966 |
||
| 942 |
_2ddc _cDVD |
||
| 999 |
_c640 _d235140 |
||